|
|
|
|
| LEADER |
00000nam a2200000 a 4500 |
| 001 |
vtls001383653 |
| 003 |
SK-MaSNL |
| 005 |
20260302000801.0 |
| 008 |
240314s1980 xx 0 und |
| 035 |
|
|
|a SNK000337748
|
| 040 |
|
|
|a SNK
|b slo
|c SNK
|e AACR2
|
| 100 |
1 |
|
|a Seliger, Václav,
|d 1916-1979
|4 aut
|9 287407
|
| 245 |
1 |
0 |
|a Fyziologie rostoucího organizmu. Biologie dítěte a dorostu
|
| 260 |
|
|
|a Praha
|b Univerzita Karlova
|c 1980
|
| 300 |
|
|
|a 135 s.
|
| 958 |
|
|
|a OND
|
| 999 |
|
|
|c 981069
|d 982999
|
| 952 |
|
|
|t P60, <04>, [BOOK], {604}
|a SNK
|b SNK
|y VYP
|7 0
|p 17A0268016
|o snkIB 45017 D1
|i snkKIP 1910/81
|0 0
|1 1
|4 0
|d 2001-02-21
|l 0
|r 2005-01-02 00:00:00
|w 2026-02-24
|
| 952 |
|
|
|t P60, <04>, [BOOK], {604}
|a SNK
|b SNK
|y VYP
|7 0
|p 17A0229840
|o snkIB 45017
|0 0
|1 0
|4 0
|d 2000-02-24
|l 0
|r 2005-01-02 00:00:00
|w 2026-02-24
|